| 000 | 00660nam a22001937a 4500 | ||
|---|---|---|---|
| 005 | 20250921062526.0 | ||
| 008 | 250919b |||||||| |||| 00| 0 eng d | ||
| 020 | _a9781984695796 | ||
| 082 | _aDC 570.11 St491 2025 | ||
| 100 |
_aStewart, Emily. _967864 |
||
| 245 |
_aUnderstanding biological systems / _cEmily Stewart and 3G E-Learning. |
||
| 260 |
_aNew York : _b3G E-Learning, LLC., _c©2025. |
||
| 300 |
_axvii, 280 pages : _billustrations (some colors) ; _c25 cm. |
||
| 500 | _aIncludes references and index. | ||
| 650 | 0 |
_aBiological systems. _967948 |
|
| 650 | 0 |
_aSystems biology. _967949 |
|
| 710 |
_a3G E-Learning. _eauthor. _933636 |
||
| 942 |
_2ddc _cDC |
||
| 999 |
_c23852 _d23852 |
||